000 01257nam1a2200325 i 4500
001 RU\NLR\bibl\60951
005 20260406144319.0
010 _a5-7020-1031-0
_bНовости
035 _a(NLR Aleph) 000059459
090 _a323127
_c323127
100 _a19991125d1998 u y0rusy50 ca
101 0 _arus
102 _aRU
105 _aa |||||||||
200 1 _aСемь вождей
_e[В 2 кн.]
_fДмитрий Волкогонов
210 _aНазрань
_cАст
_aМ.
_cНовости
_d1998
215 _d22
225 1 _aВсемирная история в лицах
300 _aНа 2-й с. авт.: Д.А. Волкогонов - д.филос.н., д.ист.н., проф., чл.-корр. рос. Акад. наук, ген.-полк.
463 0 _100159093
463 0 _100159095
606 0 _aГосударственные и политические деятели
_yСССР
_91456462
_3RU\NLR\auth\66307824
686 _aТ3(2)7-8
686 _aФ61(2)8
700 1 _4070
_8rus
_7ca
_aВолкогонов
_bД. А.
_f1928-1995
_gДмитрий Антонович
_3RU\NLR\auth\774144
_9114129
801 0 _aRU
_bNLR
_c19991125
_gPSBO
801 1 _aRU
_bNLR
_c19991125
852 _aNLR
_j99-5/3639
942 _cBOOK